000 00529nam a2200181Ia 4500
003 GCL
008 140319s9999 xx 000 0 ara d
040 _aGCL /
_cGCL
082 0 4 _a823.03
_bو س
100 1 _aوايلدر, ثورنتون
245 1 0 _aالسماء وجهتى /
_cوايلدر, ثورنتون
700 1 _aمحمد على العريان (ترجمة)
300 _a272 ص
490 _a
650 0 4 _aالادب الامريكى المترجم
650 0 4 _aالقصص الامريكية
942 _2ddc
_cBK
999 _c39726
_d39726